Score 0/22 Timer 02:00
1 Play Today
Quote Missing Word % Correct
One ___ step for man…small
89.6%
I can't believe I ___ the whole thing.ate
86.1%
Marcia, ___, MarciaMarcia
85.2%
Oh, my God! They killed ___!Kenny
79.8%
___, the final frontier…Space
77.8%
___ eeediot!You
74%
We are two ___ and crazy guys!wild
70.5%
Good night, John ___.Boy
65.4%
I want my ___.MTV
63.6%
You ___?rang
61.6%
The ___ is out there.truth
60.1%
Quote Missing Word % Correct
You ___ mahvelous!look
59.1%
De ___! De ___!plane
58.7%
Tastes great! Less ___!filling
56.8%
___ (anything), Batman!Holy
56.2%
I'm Rick ___, b****!James
51.2%
Now __ that out!cut
47.3%
Just one more ___...thing
47%
Say good night, ___.Gracie
41.6%
Elizabeth, I'm ___!coming
37.8%
I know ___.nothing
30%
___ CraneDenny
19.4%

Today's Daily Dose

Quick Pick
Colorful Movies

Get the Picture
Dog Breeds II

Remove Ads.
Support Sporcle.
Get the best of Sporcle when you Go Orange. This ad-free experience offers more features, more stats, and more fun while also helping to support Sporcle. Thank you for becoming a member.

You're not logged in!

Compare scores with friends on all Sporcle quizzes.
OR
Log In

Show Comments

Extras

Top Quizzes Today


Score Distribution

Your Account Isn't Verified!

In order to create a playlist on Sporcle, you need to verify the email address you used during registration. Go to your Sporcle Settings to finish the process.

Report this User

Report this user for behavior that violates our Community Guidelines.

Details: